000 00765nam0a22002531 4500
001 rc\1180780
005 20250622211922.0
035 _a(NLR Aleph) 006422945
090 _a5467964
_c5467964
100 _a20041129d1980 |||y0rusy50 ca
101 0 _arus
102 _aRU
105 _ay |||||||||
200 1 _aАлгоритмизация в АСУ
210 _aКиев
_cО-во "Знание" УССР
_d1980
215 _a23 с.
_d20
225 1 _aКибернетика
_fО-во "Знание" УССР
320 _aБиблиогр.: с. 23 (8 назв.)
700 1 _aКозлик
_bГ.А.
_gГригорий Александрович
801 0 _aRU
_bNLR
_gpsbo
801 1 _aRU
_bELAR
_2rusmarc
852 _aNLR
_j81-4/9772
942 _cBOOK
980 _aNB